Caricamento...

Ashtakalasam/

Dettagli Bibliografici
Autore principale: Krishna Kaimal, Aymanam
Natura: Printed Book
Lingua:English
Pubblicazione: Kottayam: National Book Stall, 1977.
Soggetti:
LEADER 00508 a2200157 4500
008 150103s9999 000 0 eng
082 |a 814 
100 |a Krishna Kaimal, Aymanam. 
245 |a Ashtakalasam/ 
260 |a Kottayam:  |b National Book Stall,  |c 1977. 
300 |a 224 p. 
650 |a Essays 
653 |a Kathakali 
942 |c BK 
999 |c 306798  |d 306798 
952 |0 0  |1 0  |2 ddc  |4 0  |6 M_814_000000000000000_KRI_AS  |7 0  |9 351945  |a DRA  |b DRA  |c ST1  |d 2012-12-07  |i 707  |l 0  |o M 814 KRI/AS  |p DRA707  |r 2019-01-03  |v 8.50  |w 2019-01-03  |y BK